| 000 -LEADER |
| fixed length control field |
00346cam a22001097a 4500 |
| 008 - FIXED-LENGTH DATA ELEMENTS--GENERAL INFORMATION |
| fixed length control field |
180718b1993 xxu||||| |||| 00| 0 eng d |
| 082 ## - DEWEY DECIMAL CLASSIFICATION NUMBER |
| Classification number |
B71103x5412 A/R |
| 100 ## - MAIN ENTRY--PERSONAL NAME |
| Personal name |
West Bengal. Panchayat Department |
| 245 ## - TITLE STATEMENT |
| Title |
The West Bengal panchayat (constitution) rules, 1975 (corrected upto 1993) |
| 260 ## - PUBLICATION, DISTRIBUTION, ETC. |
| Place of publication, distribution, etc. |
Calcutta |
| Name of publisher, distributor, etc. |
The author |
| Date of publication, distribution, etc. |
1993 |
| 300 ## - PHYSICAL DESCRIPTION |
| Extent |
21p. |